000 00629nam a2200205Ia 4500
008 260428s9999 xx 000 0 und d
020 _a9789561423398
082 _a390.0983 D723c 2018
100 _aDosque, Pedro
_935773
100 _aValente, José Tomás
_935847
245 0 _aDel centenario a los chilennials: 100 años de transformaciones y 25 tendencias que cambiaron Chile
260 _aEdiciones Universidad Católica de Chile
260 _bSantiago, Chile
260 _c2018
300 _a272p.
650 _aChile
_9121
650 _aIdentidad cultural
_91611
650 _aTendencias
_935775
942 _clibro
999 _c20520
_d20520